| 000 | 00635nam a22002057a 4500 | ||
|---|---|---|---|
| 003 | OSt | ||
| 005 | 20260115071511.0 | ||
| 008 | 260115b |||||||| |||| 00| 0 eng d | ||
| 020 | _a971-23-3911-4. | ||
| 040 |
_aDWCL-Main lib _cOC |
||
| 082 | _aFil. 370.15 Ac173h 2004 | ||
| 100 | _aAcero, Victoria O. | ||
| 245 |
_aHuman growth development and learning _cAcero, Victoria O. |
||
| 260 |
_aManila : _bRex Book Store, Inc., _cc2004. |
||
| 300 |
_axiv, 262 pages : _billustration ; _c22 cm. |
||
| 650 | _21. Developmental psychology. | ||
| 650 | _22. Human development. | ||
| 650 | _23. Human growth. | ||
| 942 |
_2ddc _cBK - FIL _kFil. _n0 |
||
| 999 |
_c7448 _d7448 |
||